Territorial transfers after the Thirty Years' War - Statistics

General Stats
  • This quiz has been taken 34 times
  • The average score is 5 of 10
Answer Stats
Hint Answer % Correct
Alsace France
86%
Western Pomerania Sweden
71%
Upper Palatinate Bavaria
67%
Eastern Pomerania Brandenburg
62%
Bremen-Verden Sweden
62%
Magdeburg Brandenburg
43%
Lusatia Saxony
43%
Mark Brandenburg
38%
Principality of Zweibrücken France
38%
Cleves Brandenburg
33%
No matching quizzes found
Score Distribution
Percent of People with Each Score
Percentile by Number Answered
Your Score History
You have not taken this quiz